Provinces de Chine par abréviation - Statistiques

Statistiques générales
  • Ce quiz a été pris 15 fois
  • Le résultat moyen est 18 sur 33
Réponses sur la Carte
Les réponses sont colorées sur une échelle allant du rouge au vert en fonction du pourcentage des utilisateurs qui les ont devinées à leur premier essai. Vous pouvez retrouver ces pourcentages ci-dessous.
 
Statistiques - réponses
Abréviation
Province ou région
% Correct
BJ Pékin
91%
HK Hong Kong
91%
JL Jilin
82%
HB Hubei
73%
HL Heilongjiang
73%
HN Hunan
73%
SH Shanghai
73%
XJ Xinjiang
73%
CQ Chongqing
64%
HE Hebei
64%
SX Shanxi
64%
YN Yunnan
64%
ZJ Zhejiang
64%
FJ Fujian
55%
GD Guangdong
55%
GZ Guizhou
55%
SC Sichuan
55%
TJ Tianjin
55%
GS Gansu
45%
GX Guangxi
45%
JS Jiangsu
45%
JX Jiangxi
45%
LN Liaoning
45%
MO Macao
45%
QH Qinghai
45%
SD Shandong
45%
AH Anhui
36%
HI Hainan
36%
HA Henan
27%
NX Ningxia
27%
XZ Tibet (Xizang)
27%
NM Mongolie-Intérieure
18%
SN Shaanxi
9%
Aucun quiz correspondant
Distribution des résultats
% des personnes avec chaque résultat
Percentile par nombre de réponses
Votre historique - résultats
Vous n’avez pas pris ce quiz